Statistics for Mughal Empire Quiz

Click here to take the quiz!

General Stats

  • This quiz has been taken 30 times
  • The average score is 11 of 15

Answer Stats

HintAnswer% Correct
Delhi
90%
State religionSunni Islam
90%
Mausoleum built in honor of Empress Mumtaz MahalTaj Mahal
86%
Urdu
86%
Country that defeated the empire and usurped the region after the Indian Rebellion of 1857United Kingdom
81%
Primary capital citiesAgra
76%
Benevolent emperor who expanded the rights of women and the representation of Hindus{Akbar} the Great
76%
Official languagesPersian
76%
First Mughal emperorBabur
67%
Lahore
67%
Large animal that Empress Nur Jahan was exceptionally skilled in huntingTiger
67%
Largest manufacturing industryCotton Textiles
62%
Treasure stolen by invaders, that would be used by shahs in Persia (Hint: a type of bird){Peacock} Throne
62%
Emperor who imposed Sharia law and is generally blamed for the decline of the empireAurangzeb
57%
Astronomical instrument perfected in 1668 by inventor Diya’ ad-din MuhammadCelestial {Globe}
19%

Score Distribution

Percentile by Number Answered

Percent of People with Each Score

Your Score History

You have not taken this quiz